Entry Personal Name
Number of records used in: 1
001 - CONTROL NUMBER
003 - CONTROL NUMBER IDENTIFIER
005 - DATE AND TIME OF LATEST TRANSACTION
- control field:
20221010153321.0
008 - FIXED-LENGTH DATA ELEMENTS
- fixed length control field:
021128n| acannaabn |a aaa
010 ## - LIBRARY OF CONGRESS CONTROL NUMBER
- LC control number:
nb2002100430
040 ## - CATALOGING SOURCE
- Original cataloging agency:
Uk
- Language of cataloging:
eng
- Transcribing agency:
Uk
100 1# - HEADING--PERSONAL NAME
- Personal name:
Sajnani, M.
- Fuller form of name:
(Manohar),
- Dates associated with a name:
1965-
400 1# - SEE FROM TRACING--PERSONAL NAME
- Personal name:
Sajnani, Manohar,
- Dates associated with a name:
1965-
670 ## - SOURCE DATA FOUND
- Source citation:
Tourism: growth, management and incentives, 2002:
- Information found:
t.p. (M. Sajnani) jkt. (Manohar Sajnani, b. 17 Nov. 1965, New Delhi; assoc. prof., Tourism Mgmt. Dept., Inst. of Mgmt. Stds., affiliated with Meerut Univ.)